[Event "SVK ECo-C Extraliga 2018-19"]
[Site "Slovakia"]
[Date "2018.11.10"]
[Round "1"]
[White "Balogh, Csaba"]
[Black "Miton, Kamil"]
[Result "1/2-1/2"]
[WhiteElo "2629"]
[BlackElo "2590"]
[Annotator "TA"]
[PlyCount "59"]
[EventDate "2018.11.10"]
[EventType "team-tourn"]
[EventCountry "SVK"]
[SourceTitle "playchess.com"]
[Source "ChessBase"]
[SourceQuality "1"]
[WhiteTeam "Modra"]
[BlackTeam "Dunajov"]

{[%evp 30,59,42,42,43,45,41,22,17,8,47,0,0,0,0,0,7,3,55,54,54,54,54,54,54,54,76,35,68,39,53,19]} 1. e4 c5 2. Nf3 e6 3. d4 cxd4 4. Nxd4 Nc6 5. Nc3 Qc7 6. g3 a6 7. Bg2 Nf6 8. O-O Nxd4 9. Qxd4 Bc5 10. Bf4 d6 11. Qd2 h6 12. Rad1 e5 13. Be3 Bg4 14. Bxc5 dxc5 15. Qd6 {B47: Sicilian: Taimanov: 5 Nc3 Qc7 6 f4, 6 g3 and 6 Be2} Qxd6 16. Rxd6 {LiveBook: 4 Games} Nd7 17. f4 O-O-O 18. Nd5 Be6 19. Rd1 Nf6 (19... Nb8 $5 {[%cal Rd8d6]} 20. Nb6+ (20. fxe5 Nd7 $11) 20... Kc7 21. fxe5 Nc6 $14) 20. fxe5 Nd7 21. Nf4 Nxe5 22. Nxe6 fxe6 23. Bh3 $146 {[%mdl 2048] White fights for an advantage.} Kc7 (23... Nf3+ $11 24. Kg2 Ng5) 24. Rxd8 $14 Rxd8 25. Rxd8 Kxd8 26. Bxe6 {KB-KN} g5 27. Kf2 a5 28. h4 Kc7 29. hxg5 hxg5 30. Ke3 {Precision: White = 39%, Black = 53%.} 1/2-1/2

[Event "SVK ECo-C Extraliga 2018-19"]
[Site "Slovakia"]
[Date "2018.11.10"]
[Round "1"]
[White "Markos, Jan"]
[Black "Pechac, Jergus"]
[Result "0-1"]
[WhiteElo "2568"]
[BlackElo "2449"]
[Annotator "TA"]
[PlyCount "74"]
[EventDate "2018.11.10"]
[EventType "team-tourn"]
[EventCountry "SVK"]
[SourceTitle "playchess.com"]
[Source "ChessBase"]
[SourceQuality "1"]
[WhiteTeam "Snina"]
[BlackTeam "Zilina"]

{[%evp 20,74,31,35,52,39,46,39,25,12,37,37,30,28,29,39,35,19,37,33,90,54,60,0,0,-24,-21,-24,0,0,300,299,294,283,283,266,289,-60,-64,-112,-93,-192,-184,-961,-935,-915,-915,-1772,-1742,-29986,-29987,-29986,-29984,-29992,-29993,-29997,-29998]} 1. d4 e6 2. c4 b6 3. Nf3 Bb7 4. g3 Bb4+ 5. Bd2 Bxf3 6. exf3 Bxd2+ 7. Qxd2 Ne7 {A40: Unusual replies to 1 d4} (7... Nf6 8. Bg2 d5 9. f4 Nc6 10. Nc3 Ne7 11. O-O c6 12. cxd5 cxd5 13. Rfc1 O-O 14. Rc2 Qd7 15. Rac1 {½-½ (36) Batchuluun,T (2570)-Giri,A (2780) Batumi 2018}) 8. Nc3 O-O 9. Bg2 d5 10. cxd5 exd5 11. O-O {[%cal Bh1f1,Bf1e1,Be1e6][%mdl 32] LiveBook: 7 Games} Nd7 12. Rfe1 Re8 $146 ({Predecessor:} 12... Nf6 13. f4 Qd7 14. h3 c6 15. g4 Ng6 {0-1 (58) Topel,Z (2103)-Djingarova,E (2346) Kusadasi 2006}) 13. f4 c6 14. h4 g6 15. Bh3 f5 16. Re6 Kf7 17. Rae1 Nf6 18. R6e5 Qd6 19. Qe2 b5 (19... Qd7 $14) 20. Nb1 {[%cal Bc3b1,Bb1d2,Bd2b3][%mdl 32]} c5 21. dxc5 (21. Nc3 $14 a6 22. dxc5 Qxc5 23. Bg2) 21... Qxc5 $11 22. Nd2 Nc6 23. Nb3 Qb4 24. Re6 $1 Rec8 $2 {[%mdl 8192]} (24... Rac8 $11 {and Black is okay.}) 25. Rxf6+ $18 {[%mdl 64] Decoy} Kxf6 {[#]} 26. Qe6+ $1 {[%mdl 64] Double Attack} Kg7 {[#]} 27. Qd7+ $1 Kh6 28. Rc1 $2 (28. Re6 $18) 28... Ne7 $15 29. Rc3 {White wants to play a3.} d4 ({Don't play} 29... Rxc3 $6 30. bxc3 Qa3 31. Nd4 $11) 30. a3 (30. Nxd4 $17 Rd8 31. Qb7) 30... Rd8 $19 31. Qb7 $2 (31. Qe6 Qd6 32. Nxd4) 31... dxc3 32. axb4 cxb2 33. Bxf5 Nxf5 34. g4 b1=Q+ {[%mdl 64] Double Attack. Black mates.} 35. Kh2 Qxb3 36. g5+ Kh5 37. Qf3+ Qxf3 {Accuracy: White = 26%, Black = 49%.} 0-1

[Event "SVK ECo-C Extraliga 2018-19"]
[Site "Slovakia"]
[Date "2018.11.10"]
[Round "1"]
[White "Balog, Imre"]
[Black "Grubisic, Ilija"]
[Result "1-0"]
[WhiteElo "2559"]
[BlackElo "2370"]
[Annotator "ChessBase"]
[PlyCount "83"]
[EventDate "2018.11.10"]
[EventType "team-tourn"]
[EventCountry "SVK"]
[SourceTitle "playchess.com"]
[Source "ChessBase"]
[SourceQuality "1"]
[WhiteTeam "Podhajska"]
[BlackTeam "Slovan"]
[TimeControl "40/5400+30:1800+30"]

1. d4 {[%emt 0:00:00]} Nf6 {[%emt 0:00:00]} 2. Bg5 {[%emt 0:00:00]} c5 {[%emt 0:00:08]} 3. d5 {[%emt 0:00:06]} d6 {[%emt 0:02:19]} 4. Nc3 {[%emt 0:00:42]} g6 {[%emt 0:00:48]} 5. e4 {[%emt 0:00:21]} Bg7 {[%emt 0:00:15]} 6. Bb5+ {[%emt 0:00:46]} Nbd7 {[%emt 0:00:56]} 7. a4 {[%emt 0:00:14]} h6 {[%emt 0:03:22]} 8. Be3 {[%emt 0:00:23]} O-O {[%emt 0:00:15]} 9. h3 {[%emt 0:00:53]} Ne8 {[%emt 0:09:38]} 10. Nf3 {[%emt 0:01:54]} a6 {[%emt 0:07:16]} 11. Be2 {[%emt 0:00:37]} Qa5 {[%emt 0:03:26]} 12. O-O {[%emt 0:01:08]} Qb4 {[%emt 0:09:37]} 13. Qc1 {[%emt 0:07:09]} Kh7 {[%emt 0:03:59]} 14. Nd2 {[%emt 0:03:25]} Qb6 {[%emt 0:08:44]} 15. Nc4 {[%emt 0:01:21]} Qc7 {[%emt 0:00:07]} 16. Qd2 {[%emt 0:06:11]} b6 {[%emt 0:02:47]} 17. f4 {[%emt 0:03:43]} Bb7 {[%emt 0:05:05]} 18. Bf3 {[%emt 0:00:58]} Rd8 {[%emt 0:00:44]} 19. Kh1 {[%emt 0:01:39]} e6 {[%emt 0:09:02]} 20. Rad1 {[%emt 0:02:13]} Bxc3 {[%emt 0:03:22]} 21. bxc3 {[%emt 0:01:40]} exd5 {[%emt 0:00:13]} 22. exd5 {[%emt 0:00:07]} f5 {[%emt 0:01:05]} 23. Rb1 {[%emt 0:03:35]} Nef6 {[%emt 0:04:43]} 24. Bf2 {[%emt 0:01:14]} Rde8 {[%emt 0:02:42]} 25. Rfe1 {[%emt 0:00:39]} Rxe1+ {[%emt 0:10:34]} 26. Rxe1 {[%emt 0:01:10]} Re8 {[%emt 0:00:05]} 27. Bh4 {[%emt 0:04:44]} b5 {[%emt 0:02:57]} 28. Rxe8 {[%emt 0:02:11]} Nxe8 {[%emt 0:00:08]} 29. axb5 {[%emt 0:00:05]} axb5 {[%emt 0:00:31]} 30. Na3 {[%emt 0:00:07]} Nb6 {[%emt 0:03:21]} 31. Nxb5 Qf7 {[%emt 0:01:01]} 32. c4 {[%emt 0:08:37]} Nxc4 {[%emt 0:00:14]} 33. Qe2 {[%emt 0:02:10]} Nb6 {[%emt 0:00:14]} 34. c4 {[%emt 0:00:36]} Nc8 {[%emt 0:02:47]} 35. Qa2 {[%emt 0:03:28]} Nc7 {[%emt 0:02:55]} 36. Qa5 {[%emt 0:00:52]} Nxb5 {[%emt 0:02:06]} 37. Qxb5 {[%emt 0:00:06]} Kg7 {[%emt 0:00:31]} 38. Bd1 {[%emt 0:00:14]} Kf8 {[%emt 0:00:24]} 39. Ba4 {[%emt 0:00:17]} Na7 {[%emt 0:00:37]} 40. Qb6 {[%emt 0:00:34]} Nc8 {[%emt 0:00:06]} 41. Qd8+ {[%emt 0:30:05]} Kg7 {[%emt 0:30:12]} 42. Be8 {[%emt 0:00:22]} 1-0

[Event "SVK ECo-C Extraliga 2018-19"]
[Site "Slovakia"]
[Date "2018.11.10"]
[Round "1"]
[White "Vajda, Levente"]
[Black "Svoboda, Svatopluk"]
[Result "1-0"]
[WhiteElo "2547"]
[BlackElo "2425"]
[Annotator "TA"]
[PlyCount "59"]
[EventDate "2018.11.10"]
[EventType "team-tourn"]
[EventCountry "SVK"]
[SourceTitle "playchess.com"]
[Source "ChessBase"]
[SourceQuality "1"]
[WhiteTeam "Streda"]
[BlackTeam "Komarno"]

{[%evp 20,59,12,12,10,17,0,12,14,0,0,0,0,0,0,0,12,3,33,31,55,43,93,94,76,75,187,184,186,159,184,110,184,191,162,182,156,178,252,243,258,251]} 1. Nf3 g6 2. e4 c5 3. c3 d5 4. exd5 Qxd5 5. d4 Bg7 6. dxc5 Qxc5 7. Be3 Qc7 8. Na3 {[%cal Bb1a3,Ba3c4,Bc4b6][%mdl 32] B06: Modern Defence} a6 9. Nc4 Nd7 10. a4 {[%cal Ba2a4,Ba4a5][%mdl 32]} Nh6 11. a5 {LiveBook: 3 Games} Nf5 12. Bb6 Nxb6 13. Nxb6 Rb8 14. Bc4 O-O 15. O-O $146 Nd6 16. Bb3 Bg4 17. h3 Bxf3 18. Qxf3 e6 19. Rfd1 Rbd8 20. Qf4 Qe7 21. Qb4 Qc7 22. Ba4 $1 Nc8 (22... Bf6 $16 {might work better.}) 23. Nd7 $36 {[%mdl 2048] White is in control.} Rfe8 {[#]} 24. Qc5 $1 {[%cal Rc5c7]} Qf4 25. Rd3 (25. Nb6 $18 Rxd1+ 26. Rxd1) 25... Bf8 (25... Qe4 $16 26. Rf3 Ne7) 26. Rd4 Bxc5 27. Rxf4 Bd6 {[#]} 28. Rc4 $1 {And now Nf6+ would win.} Be7 (28... Kg7 $142 29. Rd1 Be7) 29. Rc7 Nd6 30. Nb6 {Accuracy: White = 84%, Black = 48%.} 1-0

[Event "SVK ECo-C Extraliga 2018-19"]
[Site "Slovakia"]
[Date "2018.11.10"]
[Round "1"]
[White "Zilka, Stepan"]
[Black "Mazur, Stefan"]
[Result "1/2-1/2"]
[WhiteElo "2530"]
[BlackElo "2413"]
[Annotator "ChessBase"]
[PlyCount "92"]
[EventDate "2018.11.10"]
[EventType "team-tourn"]
[EventCountry "SVK"]
[SourceTitle "playchess.com"]
[Source "ChessBase"]
[SourceQuality "1"]
[WhiteTeam "Prakovce"]
[BlackTeam "Liptovska"]
[TimeControl "40/5400+30:1800+30"]

1. e4 {[%emt 0:00:00]} e5 {[%emt 0:00:00]} 2. Nf3 {[%emt 0:00:00]} Nc6 {[%emt 0:00:00]} 3. Bc4 {[%emt 0:00:00]} Nf6 {[%emt 0:00:00]} 4. d3 {[%emt 0:00:06]} Bc5 {[%emt 0:02:06]} 5. O-O {[%emt 0:01:17]} d6 {[%emt 0:02:14]} 6. c3 {[%emt 0:00:46]} h6 {[%emt 0:02:20]} 7. Nbd2 {[%emt 0:03:04]} a5 {[%emt 0:05:17]} 8. Re1 {[%emt 0:08:45]} O-O {[%emt 0:01:33]} 9. Nf1 {[%emt 0:01:31]} a4 {[%emt 0:12:49]} 10. Bb5 {[%emt 0:06:55]} a3 {[%emt 0:01:09]} 11. b4 {[%emt 0:01:50]} Bb6 {[%emt 0:00:05]} 12. h3 {[%emt 0:03:26]} Ne7 {[%emt 0:06:22]} 13. Ng3 {[%emt 0:12:44]} Ng6 {[%emt 0:02:24]} 14. d4 {[%emt 0:00:37]} c6 {[%emt 0:04:30]} 15. Bf1 {[%emt 0:04:20]} Re8 {[%emt 0:01:28]} 16. Be3 {[%emt 0:08:27]} exd4 {[%emt 0:08:35]} 17. Bxd4 {[%emt 0:00:06]} c5 {[%emt 0:00:39]} 18. Be3 {[%emt 0:07:57]} Nxe4 {[%emt 0:13:49]} 19. Nxe4 {[%emt 0:00:11]} Rxe4 {[%emt 0:00:07]} 20. bxc5 {[%emt 0:02:17]} dxc5 {[%emt 0:00:33]} 21. Qxd8+ {[%emt 0:01:25]} Bxd8 {[%emt 0:01:48]} 22. Bd3 {[%emt 0:00:13]} Re6 {[%emt 0:08:08]} 23. Bxc5 {[%emt 0:08:05]} Nf4 {[%emt 0:06:01]} 24. Bc4 {[%emt 0:02:17]} Rxe1+ {[%emt 0:01:01]} 25. Rxe1 {[%emt 0:00:37]} Be6 {[%emt 0:00:10]} 26. Bxe6 {[%emt 0:01:21]} Nxe6 {[%emt 0:00:22]} 27. Bb4 {[%emt 0:00:06]} Ba5 {[%emt 0:02:42]} 28. Bxa5 {[%emt 0:09:10]} Rxa5 {[%emt 0:00:08]} 29. Rb1 {[%emt 0:00:36]} Nc5 {[%emt 0:07:40]} 30. Nd4 {[%emt 0:00:09]} Kf8 {[%emt 0:03:42]} 31. Rb5 {[%emt 0:01:43]} Rxb5 {[%emt 0:01:43]} 32. Nxb5 {[%emt 0:00:07]} Nb3 {[%emt 0:01:38]} 33. Nxa3 {[%emt 0:03:45]} Nc1 {[%emt 0:00:05]} 34. Nb5 {[%emt 0:00:39]} Nxa2 {[%emt 0:00:08]} 35. Kf1 {[%emt 0:00:09]} Ke7 {[%emt 0:00:47]} 36. Ke2 {[%emt 0:01:24]} Nc1+ {[%emt 0:01:17]} 37. Ke3 {[%emt 0:00:11]} Nb3 {[%emt 0:02:38]} 38. g4 {[%emt 0:01:03]} Ke6 {[%emt 0:01:12]} 39. f4 {[%emt 0:01:55]} Kd5 {[%emt 0:01:07]} 40. h4 {[%emt 0:03:11]} Nc5 {[%emt 0:01:00]} 41. h5 {[%emt 0:32:54]} Ne6 {[%emt 0:12:21]} 42. f5 {[%emt 0:00:00]} Ng5 {[%emt 0:01:21]} 43. Kf4 {[%emt 0:00:00]} Nh3+ {[%emt 0:02:23]} 44. Kg3 {[%emt 0:00:00]} Ng5 {[%emt 0:00:07]} 45. Kf4 {[%emt 0:00:00]} Nh3+ {[%emt 0:05:00]} 46. Kg3 {[%emt 0:00:00]} Ng5 {[%emt 0:00:03]} 1/2-1/2

[Event "SVK ECo-C Extraliga 2018-19"]
[Site "Slovakia"]
[Date "2018.11.10"]
[Round "1"]
[White "Antoniewski, Rafal"]
[Black "Michalik, Peter"]
[Result "1/2-1/2"]
[WhiteElo "2521"]
[BlackElo "2564"]
[Annotator "TA"]
[PlyCount "54"]
[EventDate "2018.11.10"]
[EventType "team-tourn"]
[EventCountry "SVK"]
[SourceTitle "playchess.com"]
[Source "ChessBase"]
[SourceQuality "1"]
[WhiteTeam "Dunajov"]
[BlackTeam "Modra"]

{[%evp 10,54,-3,-1,11,-14,-6,-8,2,7,10,3,0,6,21,11,10,7,2,-19,-13,-34,-11,-29,-31,-66,-55,-53,-53,-39,-53,-42,-48,-46,0,0,0,0,0,0,0,0,96,96,119,109,100]} 1. e4 c5 2. b3 g6 3. Bb2 Nf6 {[%cal Bg8f6,Bf6d5,Bd5b4][%mdl 32]} 4. e5 Nd5 5. g3 (5. Qf3 Nb4 6. Na3 Bg7 7. e6 f6 8. c3 N4c6 9. Qe3 dxe6 10. Qxc5 {½-½ (41) Morozevich,A (2665)-Andreikin,D (2712) Moscow 2018}) 5... Bg7 6. Bg2 {LiveBook: 12 Games. B20: Sicilian: Unusual White 2nd moves} Nb4 7. f4 $146 ({Predecessor:} 7. Nf3 d6 8. O-O O-O 9. Re1 N8c6 10. a3 {0-1 (41) Asan,E (1810)-Ushenina,A (2435) Kocaeli 2015}) 7... d6 8. Nf3 $1 {The position is equal.} N4c6 9. Na3 O-O 10. O-O dxe5 11. Nxe5 Nxe5 12. fxe5 Qc7 13. Qe2 Nc6 14. Rae1 Be6 15. Qb5 Qb6 16. Bxc6 bxc6 17. Qe2 c4+ $1 18. Rf2 cxb3 19. axb3 a5 20. Nc4 {[%cal Ba3c4,Bc4b2,Bb2a4][%mdl 32]} Qb5 21. Ba3 c5 (21... a4 $5 {[%cal Ra4b3]} 22. Bxe7 Rfe8 $15) 22. Nb2 $36 {[%mdl 2048] White has the initiative.} Rfb8 23. Qxb5 Rxb5 24. Rfe2 Bf5 25. d3 $1 e6 (25... a4 $11 {remains equal.} 26. Nxa4 Bxd3 27. cxd3 Rxb3) 26. Na4 $16 Bf8 27. Kg2 h5 {Precision: White = 64%, Black = 67%.} 1/2-1/2

[Event "SVK ECo-C Extraliga 2018-19"]
[Site "Slovakia"]
[Date "2018.11.10"]
[Round "1"]
[White "Cvek, Robert"]
[Black "Cernousek, Lukas"]
[Result "1-0"]
[WhiteElo "2515"]
[BlackElo "2436"]
[Annotator "ChessBase"]
[PlyCount "53"]
[EventDate "2018.11.10"]
[EventType "team-tourn"]
[EventCountry "SVK"]
[SourceTitle "playchess.com"]
[Source "ChessBase"]
[SourceQuality "1"]
[WhiteTeam "Osuske"]
[BlackTeam "Dubnica"]
[TimeControl "40/5400+30:1800+30"]

1. Nf3 {[%emt 0:00:00]} Nf6 {[%emt 0:00:00]} 2. c4 {[%emt 0:00:00]} c5 {[%emt 0:00:00]} 3. g3 {[%emt 0:03:54]} d5 {[%emt 0:00:00]} 4. cxd5 {[%emt 0:00:31]} Nxd5 {[%emt 0:00:00]} 5. Bg2 {[%emt 0:00:18]} Nc6 {[%emt 0:05:08]} 6. d4 {[%emt 0:11:39]} cxd4 {[%emt 0:00:41]} 7. Nxd4 {[%emt 0:00:13]} Ndb4 {[%emt 0:00:13]} 8. Nxc6 {[%emt 0:00:18]} Qxd1+ {[%emt 0:00:11]} 9. Kxd1 {[%emt 0:00:06]} Nxc6 {[%emt 0:00:08]} 10. Bxc6+ {[%emt 0:00:05]} bxc6 {[%emt 0:00:05]} 11. Nc3 {[%emt 0:01:06]} e5 {[%emt 0:04:08]} 12. Be3 {[%emt 0:04:44]} Bf5 {[%emt 0:17:07]} 13. f3 {[%emt 0:04:31]} Bb4 {[%emt 0:06:01]} 14. Rc1 {[%emt 0:10:29]} O-O {[%emt 0:02:04]} 15. a3 {[%emt 0:01:43]} Ba5 {[%emt 0:11:59]} 16. Ke1 {[%emt 0:08:44]} Rfb8 {[%emt 0:04:44]} 17. b4 {[%emt 0:02:43]} Bb6 {[%emt 0:08:52]} 18. Bxb6 {[%emt 0:08:50]} Rxb6 {[%emt 0:18:30]} 19. g4 {[%emt 0:08:02]} Bg6 {[%emt 0:00:55]} 20. Kf2 {[%emt 0:00:16]} a5 {[%emt 0:00:30]} 21. bxa5 {[%emt 0:04:07]} Rxa5 {[%emt 0:00:19]} 22. a4 {[%emt 0:02:19]} Kf8 {[%emt 0:03:08]} 23. h4 {[%emt 0:05:23]} f6 {[%emt 0:01:25]} 24. h5 {[%emt 0:00:05]} Bf7 {[%emt 0:00:21]} 25. Rb1 {[%emt 0:01:34]} Bb3 {[%emt 0:03:50]} 26. Ne4 {[%emt 0:03:31]} Rd5 {[%emt 0:00:06]} 27. Rhc1 {[%emt 0:01:06]} 1-0

[Event "SVK ECo-C Extraliga 2018-19"]
[Site "Slovakia"]
[Date "2018.11.10"]
[Round "1"]
[White "Repka, Christopher"]
[Black "Mrva, Martin"]
[Result "1-0"]
[WhiteElo "2478"]
[BlackElo "2430"]
[Annotator "TA"]
[PlyCount "55"]
[EventDate "2018.11.10"]
[EventType "team-tourn"]
[EventCountry "SVK"]
[SourceTitle "playchess.com"]
[Source "ChessBase"]
[SourceQuality "1"]
[WhiteTeam "Zilina"]
[BlackTeam "Snina"]

{[%evp 9,55,12,12,12,18,0,0,0,0,0,0,0,17,-21,-19,-31,-35,-24,-12,-25,-27,-28,-13,-65,-20,-28,0,0,0,0,12,-31,-33,-19,8,0,553,508,652,651,1224,1219,1053,917,2243,2170,29994,29995]} 1. d4 Nf6 2. Nf3 g6 3. Nc3 Bg7 4. e4 d5 5. exd5 Nxd5 6. Nxd5 {B06: Modern Defence} Qxd5 7. c4 (7. Be2 c5 8. Be3 Nc6 9. c4 Qd6 10. d5 Ne5 11. Nxe5 Bxe5 12. Qd2 O-O 13. f4 Bf6 14. O-O Bf5 15. Rad1 {1-0 (63) Batchuluun,T (2561)-Gareyev,T (2611) Singapore 2018}) 7... Qd6 8. Be2 {The position is equal.} Nc6 {[%cal Rg7d4]} 9. d5 Ne5 10. O-O O-O 11. Nd2 $146 ({Predecessor:} 11. Qb3 e6 12. Rd1 exd5 13. Rxd5 Nxf3+ 14. Bxf3 {1-0 (48) Poulsen,M (2274)-Hansen,H (2036) Hoyvik 2015}) 11... Bf5 12. g4 Bc8 $1 13. f4 Nd7 14. Ne4 Qb6+ 15. Kh1 e6 16. Qd3 ({White should play} 16. a4 $11) 16... exd5 17. cxd5 Re8 ({Don't go for} 17... Bxb2 $2 18. Rb1 $18) 18. Be3 $36 {[%cal Bc1e3,Be3d4,Bd4g7,Bg7h6][%mdl 2080] White is more active.} Qa5 19. Bf3 b6 20. Qc2 Bb7 21. Rad1 Rac8 22. Bd4 Qxd5 $2 {[%mdl 8192] [#]} (22... Bxd5 $11 {and Black has nothing to worry.} 23. Bxg7 Kxg7) 23. Bxg7 $1 $18 {[%mdl 64] Discovered Attack} Qxe4 24. Qc3 Nc5 25. Bh6 {[%csl Gh6][%cal Rc3g7]} f6 26. Bxe4 Rxe4 27. Kg1 Rce8 28. Qxf6 {Accuracy: White = 70%, Black = 60%.} 1-0

[Event "SVK ECo-C Extraliga 2018-19"]
[Site "Slovakia"]
[Date "2018.11.10"]
[Round "1"]
[White "Petrik, Tomas"]
[Black "Holtman, Teodor"]
[Result "1/2-1/2"]
[WhiteElo "2476"]
[BlackElo "2234"]
[Annotator "ChessBase"]
[PlyCount "142"]
[EventDate "2018.11.10"]
[EventType "team-tourn"]
[EventCountry "SVK"]
[SourceTitle "playchess.com"]
[Source "ChessBase"]
[SourceQuality "1"]
[WhiteTeam "Zilina"]
[BlackTeam "Snina"]
[TimeControl "40/5400+30:1800+30"]

1. e4 {[%emt 0:00:00]} e6 {[%emt 0:00:00]} 2. d4 {[%emt 0:01:33]} d5 {[%emt 0:00:00]} 3. Nd2 {[%emt 0:00:52]} Nc6 {[%emt 0:00:24]} 4. Ngf3 {[%emt 0:02:44]} Nf6 {[%emt 0:00:18]} 5. e5 {[%emt 0:00:29]} Nd7 {[%emt 0:00:08]} 6. Be2 {[%emt 0:01:44]} Be7 {[%emt 0:00:12]} 7. Nf1 {[%emt 0:15:51]} O-O {[%emt 0:00:24]} 8. Ne3 {[%emt 0:03:06]} f6 {[%emt 0:00:28]} 9. exf6 {[%emt 0:00:21]} Nxf6 {[%emt 0:00:24]} 10. O-O {[%emt 0:00:34]} Bd6 {[%emt 0:00:58]} 11. c4 {[%emt 0:06:27]} b6 {[%emt 0:00:47]} 12. b3 {[%emt 0:05:11]} Bf4 {[%emt 0:06:47]} 13. Nc2 {[%emt 0:18:23]} Ne4 {[%emt 0:06:10]} 14. Bd3 {[%emt 0:07:47]} Bb7 {[%emt 0:15:26]} 15. Qe2 {[%emt 0:06:40]} Qe8 {[%emt 0:18:08]} 16. Bxf4 {[%emt 0:14:41]} Rxf4 {[%emt 0:00:02]} 17. cxd5 {[%emt 0:00:13]} exd5 {[%emt 0:01:45]} 18. Ne3 {[%emt 0:01:50]} Nd6 {[%emt 0:17:47]} 19. Nxd5 {[%emt 0:05:33]} Qxe2 {[%emt 0:09:15]} 20. Bxe2 {[%emt 0:00:02]} Rf7 {[%emt 0:00:56]} 21. Rad1 {[%emt 0:03:05]} Nd8 {[%emt 0:05:08]} 22. Ne3 {[%emt 0:00:17]} Ne6 {[%emt 0:01:31]} 23. Ne5 {[%emt 0:00:39]} Rf4 {[%emt 0:03:45]} 24. d5 {[%emt 0:01:56]} Re4 {[%emt 0:04:20]} 25. dxe6 {[%emt 0:01:37]} Rxe5 {[%emt 0:00:03]} 26. Bg4 {[%emt 0:00:14]} h5 {[%emt 0:00:54]} 27. Bh3 {[%emt 0:00:44]} g5 {[%emt 0:00:25]} 28. g3 {[%emt 0:00:12]} Re8 {[%emt 0:02:37]} 29. Rc1 {[%emt 0:00:48]} g4 {[%emt 0:01:44]} 30. Bg2 {[%emt 0:00:04]} Bxg2 {[%emt 0:00:06]} 31. Kxg2 {[%emt 0:00:22]} c5 {[%emt 0:00:15]} 32. h3 {[%emt 0:01:17]} gxh3+ {[%emt 0:00:49]} 33. Kxh3 {[%emt 0:00:02]} R8xe6 {[%emt 0:00:13]} 34. Rcd1 {[%emt 0:00:15]} Ne4 {[%emt 0:01:36]} 35. Nc4 {[%emt 0:00:13]} Rf5 {[%emt 0:02:24]} 36. Kg2 {[%emt 0:00:07]} Ref6 {[%emt 0:00:16]} 37. f3 {[%emt 0:00:30]} Nc3 {[%emt 0:00:42]} 38. Rd2 {[%emt 0:01:12]} Rd5 {[%emt 0:01:18]} 39. Rxd5 {[%emt 0:01:19]} Nxd5 {[%emt 0:00:02]} 40. Re1 {[%emt 0:00:33]} Nb4 {[%emt 0:00:40]} 41. Re8+ {[%emt 0:18:11]} Kg7 {[%emt 0:06:02]} 42. Ne5 {[%emt 0:06:04]} Nxa2 {[%emt 0:00:50]} 43. Re7+ {[%emt 0:00:05]} Kg8 {[%emt 0:00:27]} 44. Kh3 {[%emt 0:03:27]} Nc1 {[%emt 0:02:15]} 45. Kh4 {[%emt 0:00:07]} Rf5 {[%emt 0:03:38]} 46. f4 {[%emt 0:00:04]} Nxb3 {[%emt 0:00:57]} 47. Rxa7 {[%emt 0:00:06]} Nd4 {[%emt 0:00:47]} 48. Rc7 {[%emt 0:01:12]} b5 {[%emt 0:05:44]} 49. Ng6 {[%emt 0:03:20]} Ne6 {[%emt 0:04:48]} 50. Rb7 {[%emt 0:00:57]} Rf7 {[%emt 0:02:05]} 51. Rxb5 {[%emt 0:00:06]} Rc7 {[%emt 0:02:13]} 52. Kxh5 {[%emt 0:02:19]} c4 {[%emt 0:00:13]} 53. Ne5 {[%emt 0:00:29]} c3 {[%emt 0:00:08]} 54. Nd3 {[%emt 0:00:34]} c2 {[%emt 0:01:49]} 55. Nc1 {[%emt 0:00:04]} Rh7+ {[%emt 0:00:57]} 56. Kg4 {[%emt 0:00:50]} Rh1 {[%emt 0:00:49]} 57. Nd3 {[%emt 0:00:18]} Rd1 {[%emt 0:01:04]} 58. Rb8+ {[%emt 0:00:40]} Kg7 {[%emt 0:00:01]} 59. Rb7+ {[%emt 0:00:39]} Kf8 {[%emt 0:00:18]} 60. Rb8+ {[%emt 0:00:25]} Ke7 {[%emt 0:00:10]} 61. Rb7+ {[%emt 0:00:34]} Kd8 {[%emt 0:01:12]} 62. Rb3 {[%emt 0:00:27]} Nd4 {[%emt 0:01:05]} 63. Rc3 {[%emt 0:00:11]} Ke7 {[%emt 0:01:17]} 64. Rc7+ {[%emt 0:00:44]} Kf6 {[%emt 0:00:28]} 65. Rc3 {[%emt 0:00:29]} Rxd3 {[%emt 0:03:11]} 66. Rxd3 {[%emt 0:00:05]} c1=Q {[%emt 0:00:06]} 67. Rxd4 {[%emt 0:00:03]} Qc8+ {[%emt 0:00:14]} 68. Kh4 {[%emt 0:00:03]} Qh8+ {[%emt 0:00:58]} 69. Kg4 {[%emt 0:00:01]} Qc8+ {[%emt 0:00:17]} 70. Kh4 {[%emt 0:00:05]} Qh8+ {[%emt 0:01:12]} 71. Kg4 {[%emt 0:00:03]} Qc8+ 1/2-1/2